Responsabilidad civil, derecho de seguros y filosofía del derecho estudios (Registro nro. 76832)

Detalles MARC
000 -ENCABEZADO
Número de control [NR] 01532nam a2200385Ia 4500
005 - FECHA Y HORA DE LA ÚLTIMA TRANSACCIÓN
control field 20140903174319.0
008 - DE LONGITUD FIJA DE DATOS DE ELEMENTOS - INFORMACIÓN GENERAL
Elementos de longitud fija [NR] 130821s2011 ck ao gr spa
020 ## - NUMERO INTERNACIONAL NORMALIZADO PARA LIBROS [R]
Número Internacional Normalizado del libro [NR] 9789587310689
040 ## - FUENTE DE CATALOGACION [NR]
Agencia de catalogación original [NR] Co-BoUCM
Idioma de catalogación [NR] spa
Quien Cataloga Jose A. Gerena (modificó)
Quien Clasifica [Nuevo]
041 00 - CODIGO DE IDIOMA [R]
Código de idioma para texto/pista de sonido o título separado [R] Español
245 00 - MENCION DE TITULO [NR]
Título [NR] Responsabilidad civil, derecho de seguros y filosofía del derecho estudios
Mención de responsabilidad, etc. [NR] Francois Chabas ...[y otros autores]
Parte restante del título [NR] homenaje a Javier Tamayo Jaramillo
260 ## - PUBLICACION, DISTRIBUCION, ETC. (PIE DE IMPRENTA) [R]
Lugar de publicación, distribución, etc. [R] Bogotá (Colombia)
Nombre del editor, distribuidor, etc. [R] Dike
Fecha de publicación, distribución, etc. [R] 2011
300 ## - DESCRIPCION FISICA [R]
Extensión [R] 2 volúmenes
Otros detalles físicos [NR] fotografías
490 0# - MENCION DE SERIE [R]
Mención de serie [R] Biblioteca jurídica Dike
504 ## - NOTA DE BIBLIOGRAFIA, ETC. [R]
Nota de bibliografía, etc. [NR] Incluye referencias bibliográficas
600 ## - ASIENTO SECUNDARIO DE MATERIA - NOMBRE PERSONAL [R]
Nombre personal [NR] Tamayo Jaramillo, Javier
9 (RLIN) 2987
650 #7 - ASIENTO SECUNDARIO DE MATERIA - TERMINO TEMATICO [R]
Término temático o nombre geográfico como elemento de entrada [NR] Derecho de seguros
9 (RLIN) 12749
650 #7 - ASIENTO SECUNDARIO DE MATERIA - TERMINO TEMATICO [R]
Término temático o nombre geográfico como elemento de entrada [NR] Derecho privado
9 (RLIN) 12819
650 #7 - ASIENTO SECUNDARIO DE MATERIA - TERMINO TEMATICO [R]
Término temático o nombre geográfico como elemento de entrada [NR] Filosofía del derecho
9 (RLIN) 15792
650 #7 - ASIENTO SECUNDARIO DE MATERIA - TERMINO TEMATICO [R]
Término temático o nombre geográfico como elemento de entrada [NR] Responsabilidad civil
9 (RLIN) 23668
650 #7 - ASIENTO SECUNDARIO DE MATERIA - TERMINO TEMATICO [R]
Término temático o nombre geográfico como elemento de entrada [NR] Responsabilidad contractual
9 (RLIN) 23672
650 #7 - ASIENTO SECUNDARIO DE MATERIA - TERMINO TEMATICO [R]
Término temático o nombre geográfico como elemento de entrada [NR] Responsabilidad extracontractual
9 (RLIN) 23678
690 ## - ASUNTO AGREGADO LOCAL DE ENTRADA - TÉRMINO TEMÁTICO (OCLC, RLIN)
9 (RLIN) 42766
Acceso temático local Derecho civil
690 ## - ASUNTO AGREGADO LOCAL DE ENTRADA - TÉRMINO TEMÁTICO (OCLC, RLIN)
9 (RLIN) 42779
Acceso temático local Derecho privado
700 1# - ASIENTO SECUNDARIO - NOMBRE PERSONAL [R]
Nombre personal [NR] Chabas, Francois
9 (RLIN) 60419
700 1# - ASIENTO SECUNDARIO - NOMBRE PERSONAL [R]
Nombre personal [NR] Domínguez Hidalgo, Carmen
9 (RLIN) 60420
700 1# - ASIENTO SECUNDARIO - NOMBRE PERSONAL [R]
Nombre personal [NR] Henao Pérez, Juan Carlos
9 (RLIN) 39284
700 1# - ASIENTO SECUNDARIO - NOMBRE PERSONAL [R]
Nombre personal [NR] Palacio Barrientos, Juan David
9 (RLIN) 60421
700 1# - ASIENTO SECUNDARIO - NOMBRE PERSONAL [R]
Nombre personal [NR] Papayannis, Diego M.
9 (RLIN) 60422
710 2# - ASIENTO SECUNDARIO - NOMBRE CORPORATIVO [R]
Nombre corporativo o de jurisdicción como elemento de entrada [NR] Instituto de Responsabilidad Civil y del Estado (IARCE)
9 (RLIN) 60423
710 2# - ASIENTO SECUNDARIO - NOMBRE CORPORATIVO [R]
Nombre corporativo o de jurisdicción como elemento de entrada [NR] Pontificia Universidad Javeriana
9 (RLIN) 3699
710 2# - ASIENTO SECUNDARIO - NOMBRE CORPORATIVO [R]
Nombre corporativo o de jurisdicción como elemento de entrada [NR] Universidad Pontificia Bolivariana
9 (RLIN) 3823
942 ## - ELEMENTOS DE ENTRADA AGREGADOS (KOHA)
Tipo de ítem principal el descrito en 300a Libro
Tema principal Derecho
Edición 1
Parte restante de la signatura top. R434
Sistema de clasificación DEWEY
Clasificación 346.03
Existencias
Fecha de último préstamo Total préstamos Total Renewals Signatura topográfica Código de barras Última vez visto Volúmen / Fascículo Ejemplar Price effective from Tipo de ítem Perdido Sistema de clasificación Dañado No prestable Tipo de ítem específico Suprimido Ubicación habitual Ubicación actual Localización Fecha de creación Forma de adquisición Costo Costo de reposición Proveedor
02/02/2022 1 1 346.03 R434 100129553 09/12/2025 V.1 Ej.2 03/02/2013 Libro   DEWEY     Libro   Claustro Claustro 3er piso 28/02/2013 Compra 255000.00    
28/08/2024 2   346.03 R434 100121196 09/12/2025 V.2 Ej.1 03/02/2013 Libro   DEWEY     Libro   Claustro Claustro 3er piso 28/02/2013 Compra 150000.00    
30/01/2025 12 3 346.03 R434 100121195 09/12/2025 V.1 Ej.1 03/02/2013 Libro   DEWEY     Libro   Claustro Claustro 3er piso 28/02/2013 Compra 150000.00    
08/02/2023 2   346.03 R434 100141537 09/12/2025 V.2 Ej.3 25/04/2014 Libro   DEWEY     Libro   Claustro Claustro 3er piso 25/04/2014 Compra 124500.00 249000.00 1